Регионална библиотека "Любен Каравелов" - Русе

Дневници (Запис номер 196674)

MARC детайли
000 -Лидер
Контролно поле с фиксирана дължина 02173nam a2200421 c 4500
003 - Код на организацията, давaща контролен номер
Контролно поле BLK
005 - Дата и час на последна редакция
Контролно поле 20220225155832.0
008 - Елементи от данни с фиксирана дължина
fixed length control field 180411b bul|||||r ||||||| ||bul||
010 ## - Наследен системен номер
LC control number KNG00205947000
040 ## - Източник на каталожния запис
Идентификатор на билиотеката - собственик на записа BLK
041 ## - Код за език
Код за езика на текст/звукозапис или на отделно заглавие Български
Код за езика КДБФ Български
072 #7 - Код за тематичната категория
Код организация bullib
Код за тематична категория Н84
Текст Българска художествена литература Н
080 ## - УДК
Текстов определител УДК Българска литература
УДК код - определител по УДК 821.163.2
УДК определител -94
УДК - код + определител 821.163.2-94
080 ## - УДК
Текстов определител УДК България през периода на общата криза на капитализма (1918-1944)
УДК код - определител по УДК 94(497.2)"1918/1945"
УДК определител (092)(0:82-94)
УДК - код + определител 94(497.2)"1918/1945"(092)(0:82-94)
080 ## - УДК
Текстов определител УДК Петър п. Константинов п. Иванов. Български духовник
УДК код - определител по УДК 929 Павел, митроп. Старозагорски
УДК - код + определител 929 Павел, митроп. Старозагорски
100 1# - Редна дума - Автор
Автор Павел, митроп. Старозагорски
Авторска отговорност първи автор
R(LIN) 347511
139 ## - Редно поле
Редна дума Павел, митроп. Старозагорски
Авторски знак Пав - П 12
245 10 - Сведения за заглавието
Заглавие Дневници
Подзаглавни данни 1919 - 1940
Редно поле (дума) митроп. Старозагорски Павел; състав. и встъп. статия Тодор Билчев Билчев.
257 ## - Страна на издаване
Страна на създаване/издаване България
260 ## - Област на издателските данни
Име на издателя, разпространителя и проч. Изд. авт.
Година на издаване 2017
Печатница Русе : Авангард принт
300 ## - Физическа характеристика
Страници 488 с.
Илюстрации и др. със сн., факс.
Размери/Мащаб 24 см
380 ## - Жанр
Жанр Худож. лит.
500 ## - Общи забележки
Забележка Павел - духовно име на Петър п. Константинов. - Бел. под линия.
600 14 - Име на лице, използвано като предмет
За него / За нея Павел, митроп. Старозагорски
9 (RLIN) 385607
650 #4 - Допълнително описание по предмет – тема
Основно описание – тема или топоним Павел, митроп. Старозагорски
9 (RLIN) 385607
651 #4 - Допълнително описание по предмет - топоним
Географско понятие България
9 (RLIN) 241624
653 ## - Ключова дума – ненормативна
Ключова дума дневници
653 ## - Ключова дума – ненормативна
Ключова дума митрополит Павел
653 ## - Ключова дума – ненормативна
Ключова дума митрополити
653 ## - Ключова дума – ненормативна
Ключова дума българска история
659 ## - Тематичен бюлетин
Тематичен бюлетин Н
700 1# - Други автори (авторска отговорност)
Лично име Билчев, Тодор Билчев
Автороска отговорност (Описва отношението между автора и произведението) състав. и встъп. статия
9 (RLIN) 365819
852 ## - Местоположение
Форматна сигнатура Цб 285408
852 ## - Местоположение
Форматна сигнатура К 821.163.2/П 12
856 4# - Електронен адрес и достъп
Електронен формат pdf - файл
856 4# - Електронен адрес и достъп
Електронен формат pdf - файл
999 ## - СИСТЕМНИ КОНТРОЛНИ НОМЕРА
Koha biblionumber 196674
Koha biblioitemnumber 196674
942 ## - АРТИКУЛИ
Вид на библиотечния материал Книги
Скрит в OPAC Не
Периодичен библиозапис Да
944 ## - СЪЗДАВАНЕ И РЕДАКЦИЯ на ЗАПИСА
Създаване/Редакция Създаване
Дата на регистрацията/редакция 09.05.2017
Статус, дата на статуса ф /
Служител, извършил регистрацията/редакцията Виолета_Тройчева
944 ## - СЪЗДАВАНЕ И РЕДАКЦИЯ на ЗАПИСА
Създаване/Редакция Редакция
Дата на регистрацията/редакция 30.05.2017
Статус, дата на статуса ф /
Служител, извършил регистрацията/редакцията Людмила_Стоянова
999 ## - СИСТЕМНИ КОНТРОЛНИ НОМЕРА
Koha biblioitemnumber 196674
Наличности
Код за отписване Код за изгубен артикул Източник на класификационната схема Код за повреда Коз за рестрикции Код за отдаване Артикулен № Име на библиотеката - собственик Име на библиотеката, в която се намира в момента Статус (Текущо местоположение) Дата на вписване в системата Местоположение - отдел Цена в лева Инвентарен номер Систематично азбучна сигнатура Баркод Номер на екземпляра Цена в евро Служебна бележка Служебен тип на артикула
  Не е изгубен Universal Decimal Classification Не е повреден без рестрикции ползва се в читалня 342879 Регионална библиотека "Любен Каравелов" Русе Регионална библиотека "Любен Каравелов" Русе Краезнание 2017-05-12 Краезнание 28.00 120000810686 К 821.163.2/П 12 120000810686 1 14.32 Дост: DA Вид: А N: 21 Дата: 12.05.2017 Дата инв: 15.11.2017 Бележки инв: К2017 Книги
Vip Innovations Ltd, Rousse, Bulgaria 2025